00374nam a2200109 a 450000100100000000500170001000800410002704000250006824501070009326000470020030000170024700003381520200930070536.0110912s1846 dr r 000 0 spa d aDO-SdBNPbspacBNPHU00aActos legislativos del Congreso constitucional y decretos del presidente de la República Dominicana. aSanto Domingo :bImprenta Nacional,c1846. av. ;c21 cm.